02567cam a2200325 i 450000100090000000300040000900500170001300800410003001000170007102000300008802200060011803500200012404000280014404200080017205000210018010000410020124502000024225000240044226400440046630000460051033600210055633700250057733800230060250000200062550500060064552015130065165000260216465000220219065000290221220554888GZU20240523113918.0180622s2019 paua 001 0 eng  a 2018029658 a9781496383907 (paperback) a. a(DNLM)101729358 aDNLM/DLCcDLCerdadDLC apcc00aQM601b.SAD 20191 aSadler, T. W.q(Thomas W.),eauthor.10aLangman's medical embryology /cT.W. Sadler ; computer illustrations by Susan L. Sadler-Redmond ; scanning electron micrographs by Kathy Tosney ; ultrasound images by Jan Byrne and Hytham Imseis. aFourteenth edition. 1aPhiladelphia :bWolters Kluwer,c[2019] axxii, 432 pages :billustrations ;c26 cm atext2rdacontent aunmediated2rdamedia avolume2rdacarrier aIncludes index. a. a"Every student will be affected by pregnancy, either their mother's, because what happens in the womb does not necessarily stay in the womb, or by someone else's. As health care professionals, you will often encounter women of childbearing age who may be pregnant, or you may have children of your own, or maybe it is a friend who is pregnant. In any case, pregnancy and childbirth are relevant to all of us, and unfortunately, these processes often culminate in negative outcomes. For example, 50% of all embryos are spontaneously aborted. Furthermore, prematurity and birth defects are the leading causes of infant mortality and major contributors to disabilities. Fortunately, new strategies can improve pregnancy outcomes, and health care professionals have a major role to play in implementing these initiatives. However, a basic knowledge of embryology is essential to the success of these strategies, and with this knowledge, every health care professional can play a role in providing healthier babies. To accomplish its goal of providing a basic understanding of embryology and its clinical relevance, Langman's Medical Embryology retains its unique approach of combining an economy of text with excellent diagrams and clinical images. It stresses the clinical importance of the subject by providing numerous clinical examples that result from abnormal embryological events. The following pedagogic features and updates in the 14th edition help facilitate student learning"--cProvided by publisher.12aEmbryonic Development22aFetal Development22aCongenital Abnormalities